[Event "New Zealand Major Open 2016"]
[Site "Devonport, Auckland NZL"]
[Date "2016.01.05"]
[Round "4.1"]
[White "Fuatai, Fuatai"]
[Black "Krstev, Antonio"]
[Result "1-0"]
[WhiteElo "1971"]
[BlackElo "2046"]
[PlyCount "87"]
[EventDate "2016.01.02"]

1. e4 d6 2. d4 Nf6 3. Nc3 g6 4. Be3 Nbd7 5. Nf3 Bg7 6. Qd2 Ng4 7. Bg5 h6 8. Bh4
c5 9. h3 cxd4 10. Nxd4 Ngf6 11. f3 a6 12. Bc4 b5 13. Bb3 Bb7 14. Bf2 Nc5 15.
Be3 Nfd7 16. O-O h5 17. Kh1 O-O 18. Bh6 Rc8 19. Bxg7 Kxg7 20. Bd5 Ne5 21. Bxb7
Nc4 22. Qg5 f6 23. Qxc5 Rxc5 24. Ne6+ Kf7 25. Nxd8+ Rxd8 26. Bd5+ e6 27. Bxc4
Rxc4 28. Rf2 Rdc8 29. Rc1 h4 30. Rd2 Ke7 31. Nd1 g5 32. Ne3 R4c6 33. a4 b4 34.
b3 Rc3 35. Nc4 Rc6 36. Kg1 f5 37. exf5 exf5 38. Re1+ Kf6 39. Ree2 g4 40. fxg4
fxg4 41. hxg4 Kg5 42. Kh2 Kxg4 43. Rd5 Kf4 44. Nxd6 1-0

[Event "New Zealand Major Open 2016"]
[Site "Devonport, Auckland NZL"]
[Date "2016.01.05"]
[Round "4.2"]
[White "Michael, Andrew"]
[Black "Kumar, Vinod"]
[Result "0-1"]
[WhiteElo "1741"]
[BlackElo "1939"]
[PlyCount "62"]
[EventDate "2016.01.02"]

1. d4 Nf6 2. Nf3 e6 3. e3 d5 4. Bd3 c5 5. b3 Nc6 6. Nbd2 cxd4 7. exd4 Bb4 8.
Bb2 Ne4 9. O-O f5 10. a3 Bd6 11. Ne5 O-O 12. c4 Qc7 13. Ndf3 a5 14. c5 Nxe5 15.
Nxe5 Bxe5 16. dxe5 Nxc5 17. Rc1 Qe7 18. Bb1 b6 19. Bd4 Ba6 20. Re1 Rac8 21. f3
Nd7 22. Bb2 Rxc1 23. Qxc1 Qc5+ 24. Qe3 Rc8 25. Kf2 Qb5 26. Rc1 Rc5 27. Rxc5
bxc5 28. Bc2 f4 29. Qe1 c4 30. b4 c3 31. Qb1 Qb6+ 0-1

[Event "New Zealand Major Open 2016"]
[Site "Devonport, Auckland NZL"]
[Date "2016.01.05"]
[Round "4.3"]
[White "Goh, Sean Christian"]
[Black "Post, Martin J"]
[Result "1-0"]
[WhiteElo "1739"]
[BlackElo "1883"]
[PlyCount "117"]
[EventDate "2016.01.02"]

1. e4 d6 2. d4 c6 3. Nc3 g6 4. Nf3 Bg7 5. Be2 Bg4 6. O-O Nd7 7. h3 Bxf3 8. Bxf3
Ngf6 9. Be3 O-O 10. Qd2 Qc7 11. Bh6 Rac8 12. Bxg7 Kxg7 13. Ne2 e5 14. c3 d5 15.
Ng3 dxe4 16. Nxe4 Nxe4 17. Bxe4 Nf6 18. Bf3 e4 19. Be2 Rfe8 20. Rfe1 e3 21.
fxe3 Ne4 22. Qc2 Qg3 23. Bf1 Ng5 24. Kh1 Rxe3 25. Rxe3 Qxe3 26. Qc1 Qg3 27. Qe1
Qf4 28. Kg1 Ne4 29. Bd3 f5 30. Bxe4 fxe4 31. Qe2 e3 32. Rf1 Qe4 33. Rf3 Qb1+
34. Kh2 Qxa2 35. Qxe3 Rf8 36. Qe5+ Kg8 37. Rxf8+ Kxf8 38. Qb8+ Kg7 39. Qxb7+
Kh6 40. Qb4 Qf7 41. Qd6 a5 42. Qxc6 Qb3 43. Qc5 Qb8+ 44. Qe5 Qxb2 45. Qxa5 Qd2
46. Qc7 Qd3 47. Qf4+ Kg7 48. Qe5+ Kf7 49. d5 Qc4 50. d6 Qa4 51. Qd5+ Kf8 52. c4
Qd7 53. c5 Qa4 54. Qe5 Kg8 55. Qd5+ Kg7 56. Qf3 Qd7 57. Qc3+ Kh6 58. Qe3+ g5
59. h4 1-0

[Event "New Zealand Major Open 2016"]
[Site "Devonport, Auckland NZL"]
[Date "2016.01.05"]
[Round "4.4"]
[White "Lyall, Simon"]
[Black "Aldridge, Alan L"]
[Result "1-0"]
[WhiteElo "1811"]
[BlackElo "1865"]
[PlyCount "64"]
[EventDate "2016.01.02"]

1. e4 e5 2. Nf3 Nc6 3. d4 exd4 4. Nxd4 Bc5 5. Be3 Bxd4 6. Bxd4 Nxd4 7. Qxd4 Qg5
8. Nc3 Ne7 9. Nb5 O-O 10. Nxc7 Nc6 11. Qd5 Qf4 12. Nxa8 Nb4 13. Qc4 Re8 14. Bd3
Nc6 15. Qc5 d5 16. Qe3 Qb8 17. O-O-O dxe4 18. Bb5 Qxa8 19. Bxc6 bxc6 20. Qxe4
Be6 21. Qa4 c5 22. f3 h6 23. Rhe1 c4 24. Rd4 Rc8 25. Red1 Qb8 26. Rd6 Kh7 27.
Qa5 Qb7 28. Rd8 c3 29. b3 Rc6 30. R8d4 Bc4 31. Rd7 Qb8 32. Qxc3 Bb5 1-0

[Event "New Zealand Major Open 2016"]
[Site "Devonport, Auckland NZL"]
[Date "2016.01.05"]
[Round "4.5"]
[White "Wells, Clinton A"]
[Black "Gallage K G, Roshan"]
[Result "1-0"]
[WhiteElo "1931"]
[BlackElo "1800"]
[PlyCount "45"]
[EventDate "2016.01.02"]

1. d4 d5 2. Nf3 Nf6 3. c4 e6 4. Bg5 Nbd7 5. Nbd2 Be7 6. e3 c6 7. Bd3 h6 8. Bh4
O-O 9. O-O Ne8 10. Bg3 f5 11. Ne5 Nxe5 12. Bxe5 Bf6 13. f4 Bxe5 14. fxe5 dxc4
15. Bxc4 f4 16. Qg4 Nc7 17. Rxf4 Rxf4 18. Qxf4 Nd5 19. Qf3 Bd7 20. Ne4 Qf8 21.
Qg3 Qb4 22. Bxd5 cxd5 23. Nf6+ 1-0

[Event "New Zealand Major Open 2016"]
[Site "Devonport, Auckland NZL"]
[Date "2016.01.05"]
[Round "4.6"]
[White "Eade, Don"]
[Black "Goh, Ethan"]
[Result "1/2-1/2"]
[WhiteElo "1874"]
[BlackElo "1668"]
[PlyCount "82"]
[EventDate "2016.01.02"]

1. e4 c5 2. c3 Nc6 3. d4 cxd4 4. cxd4 d5 5. e5 Qb6 6. Ne2 Bg4 7. f3 Bf5 8. a3
e6 9. Nbc3 f6 10. Na4 Qc7 11. f4 Na5 12. Nac3 a6 13. Ng3 Nh6 14. Bd3 Bxd3 15.
Qxd3 f5 16. O-O Rc8 17. Rf2 Nb3 18. Rb1 Ng4 19. Nxd5 exd5 20. Qxb3 Nxf2 21.
Kxf2 Qc2+ 22. Qxc2 Rxc2+ 23. Ne2 Be7 24. Ke3 Kd7 25. Bd2 Rc6 26. Nc3 Ke6 27. b4
g5 28. Kd3 g4 29. a4 Rc4 30. b5 Rb4 31. Rc1 Rc4 32. bxa6 bxa6 33. Rb1 Rb4 34.
Rc1 Rb3 35. Kc2 Rhb8 36. Nb5 R3xb5 37. axb5 axb5 38. Ra1 Rc8+ 39. Kb3 Rc4 40.
Ra6+ Kf7 41. Bc3 b4 1/2-1/2

[Event "New Zealand Major Open 2016"]
[Site "Devonport, Auckland NZL"]
[Date "2016.01.05"]
[Round "4.7"]
[White "Bryan, Jason"]
[Black "Charles, Dion"]
[Result "1-0"]
[WhiteElo "1833"]
[BlackElo "1629"]
[PlyCount "63"]
[EventDate "2016.01.02"]

1. Nf3 Nf6 2. Nc3 g6 3. e4 d6 4. d4 Bg7 5. h3 O-O 6. Be3 Nc6 7. Qd2 e5 8. d5
Ne7 9. O-O-O Ne8 10. Bh6 f5 11. Bxg7 Kxg7 12. g3 fxe4 13. Ng5 Nf6 14. Bc4 Nf5
15. Ngxe4 Nxe4 16. Nxe4 Qe7 17. c3 a6 18. Rdf1 Bd7 19. h4 h5 20. Bd3 Qf7 21.
Bc2 Ne7 22. c4 Qe8 23. f3 Nf5 24. g4 hxg4 25. h5 gxh5 26. fxg4 hxg4 27. Rxf5
Rxf5 28. Qh6+ Kf7 29. Qh7+ Kf8 30. Nxd6 cxd6 31. Bxf5 Bxf5 32. Rf1 1-0

[Event "New Zealand Major Open 2016"]
[Site "Devonport, Auckland NZL"]
[Date "2016.01.05"]
[Round "4.8"]
[White "Rains, Timothy"]
[Black "Calitz, Hananke"]
[Result "1-0"]
[WhiteElo "1819"]
[BlackElo "1612"]
[PlyCount "95"]
[EventDate "2016.01.02"]

1. d4 e6 2. Nf3 d5 3. Bf4 c5 4. e3 Nc6 5. c3 Nf6 6. Nbd2 Bd7 7. Bd3 Be7 8. Qc2
Rc8 9. O-O Qb6 10. dxc5 Bxc5 11. Nb3 h6 12. Qd2 Ne7 13. Ne5 Bd6 14. Qe2 Bxe5
15. Bxe5 Nc6 16. Bg3 e5 17. Rfd1 e4 18. Bc2 Bg4 19. f3 exf3 20. gxf3 Be6 21.
Kh1 Ke7 22. e4 Rcd8 23. Bf2 Qc7 24. Bc5+ Ke8 25. Nd4 Nxd4 26. cxd4 dxe4 27.
fxe4 Bg4 28. Ba4+ Rd7 29. Qg2 Bxd1 30. Rxd1 Rg8 31. Rf1 b6 32. Ba3 Nh7 33. e5
Kd8 34. Qa8+ Qc8 35. Qxc8+ Kxc8 36. Bxd7+ Kxd7 37. Rxf7+ Kc6 38. Rxa7 Ng5 39.
Bb4 Ne6 40. Bc3 Rd8 41. Ra4 b5 42. Ra6+ Kd5 43. a3 Nf4 44. Kg1 h5 45. Kf2 g5
46. Ke3 Kc4 47. Rc6+ Kb3 48. Ke4 1-0

[Event "New Zealand Major Open 2016"]
[Site "Devonport, Auckland NZL"]
[Date "2016.01.05"]
[Round "4.9"]
[White "Wang, Aaron Ziwen"]
[Black "Pakenham, John"]
[Result "1/2-1/2"]
[WhiteElo "1597"]
[BlackElo "1733"]
[PlyCount "91"]
[EventDate "2016.01.02"]

1. c4 c5 2. Nc3 Nf6 3. Nf3 g6 4. g3 Bg7 5. Bg2 O-O 6. d4 cxd4 7. Nxd4 Nc6 8.
O-O a6 9. Bf4 Nxd4 10. Qxd4 d6 11. Qd2 Rb8 12. Rfd1 b6 13. e4 Ng4 14. h3 Ne5
15. Bxe5 Bxe5 16. f4 Bxc3 17. Qxc3 Qc7 18. Rac1 Bb7 19. Qe3 Qc5 20. Qxc5 bxc5
21. b3 a5 22. Kf2 Rfd8 23. Ke3 Bc6 24. Rd3 Rb6 25. Rb1 a4 26. Bf3 Rdb8 27. g4
f6 28. Bd1 axb3 29. Rdxb3 Rxb3+ 30. Rxb3 Rxb3+ 31. Bxb3 Bb7 32. a4 Ba6 33. a5
e5 34. fxe5 fxe5 35. Kd3 Kf8 36. Ba4 g5 37. Bc6 Ke7 38. Bd5 Kd8 39. Ke3 Kc7 40.
Kd3 Kb8 41. Bc6 Ka7 42. Bb5 Bb7 43. a6 Bxa6 44. Bxa6 Kxa6 45. Kc3 Kb6 46. Kb3
1/2-1/2

[Event "New Zealand Major Open 2016"]
[Site "Devonport, Auckland NZL"]
[Date "2016.01.05"]
[Round "4.10"]
[White "Cooper, Nigel"]
[Black "Li, Rodney Xiang Rei"]
[Result "1/2-1/2"]
[WhiteElo "1692"]
[BlackElo "1479"]
[PlyCount "93"]
[EventDate "2016.01.02"]

1. f4 Nc6 2. b3 e5 3. fxe5 Nxe5 4. Bb2 d6 5. Nf3 Nxf3+ 6. exf3 Nf6 7. d4 g6 8.
c4 Bg7 9. Qe2+ Qe7 10. Qxe7+ Kxe7 11. Bd3 Re8 12. O-O Kf8 13. Nd2 Nh5 14. b4
Nf4 15. Bb1 Ne2+ 16. Kh1 Bxd4 17. Bxd4 Nxd4 18. Ne4 Kg7 19. Rd1 Nc6 20. a3 Be6
21. c5 d5 22. Nc3 Rad8 23. Ba2 d4 24. Bxe6 fxe6 25. Ne4 Ne7 26. g4 Ng8 27. g5
h6 28. h4 b6 29. Rac1 Re7 30. Rc4 Red7 31. cxb6 axb6 32. Rc6 e5 33. gxh6+ Kxh6
34. Rg1 Rg7 35. Re6 Rd5 36. Rg5 d3 37. Rgxe5 Rxe5 38. Rxe5 Rd7 39. Nd2 Re7 40.
Rxe7 Nxe7 41. Kg2 Nf5 42. Kf2 Kh5 43. Nc4 Kxh4 44. Ne5 g5 45. Nxd3 Nd4 46. a4
Nb3 47. Ke3 1/2-1/2

[Event "New Zealand Major Open 2016"]
[Site "Devonport, Auckland NZL"]
[Date "2016.01.05"]
[Round "4.11"]
[White "Booth, Anthony J"]
[Black "Steadman, Mathew"]
[Result "1/2-1/2"]
[WhiteElo "1766"]
[BlackElo "1473"]
[PlyCount "83"]
[EventDate "2016.01.02"]

1. e4 d6 2. d4 Nd7 3. Nf3 e5 4. Bc4 h6 5. O-O Ngf6 6. Nc3 c6 7. dxe5 dxe5 8. h3
Qc7 9. a3 Be7 10. b4 O-O 11. Be3 Rd8 12. Qc1 Nb6 13. Bb3 Be6 14. Bxe6 fxe6 15.
Bxh6 gxh6 16. Qxh6 Qd6 17. Qg6+ Kh8 18. Ng5 Rf8 19. Nf7+ Rxf7 20. Qxf7 Rf8 21.
Qg6 Qd4 22. Qh6+ Kg8 23. Qe3 Qxe3 24. fxe3 Nc4 25. Rf3 Nd6 26. Rg3+ Kh8 27. Rf1
Ndxe4 28. Nxe4 Nxe4 29. Rxf8+ Bxf8 30. Rg6 Nd2 31. Rxe6 Nc4 32. Kf2 Nxa3 33. c3
Nb1 34. Rxe5 Nxc3 35. e4 Bxb4 36. Ke3 a5 37. Kd3 a4 38. Kc4 c5 39. Re8+ Kg7 40.
e5 b5+ 41. Kd3 Kf7 42. Ra8 1/2-1/2

[Event "New Zealand Major Open 2016"]
[Site "Devonport, Auckland NZL"]
[Date "2016.01.05"]
[Round "4.12"]
[White "Meng, Richard"]
[Black "Chandraveer, Singh Chauhan"]
[Result "1/2-1/2"]
[WhiteElo "1525"]
[BlackElo "1750"]
[PlyCount "124"]
[EventDate "2016.01.02"]

1. c4 e6 2. Nc3 Nf6 3. g3 Bc5 4. Bg2 O-O 5. e3 c6 6. Nge2 d5 7. cxd5 exd5 8. d4
Bb4 9. O-O Re8 10. Bd2 Bf5 11. Qe1 Bd6 12. b4 Na6 13. a3 Bd3 14. Na4 Nc7 15.
Nc5 Bxc5 16. dxc5 Ne4 17. f3 Nxd2 18. Qxd2 Bc4 19. Rfe1 Qf6 20. Nd4 Ne6 21.
Rad1 Re7 22. Qc2 Nxd4 23. Rxd4 Rae8 24. Rf4 Qg5 25. Qc3 Re5 26. Rxc4 Rxe3 27.
Rxe3 Rxe3 28. Rg4 Rxc3 29. Rxg5 f6 30. Rg4 Rxa3 31. Rd4 Rb3 32. h4 Kf7 33. Kh2
Ke6 34. f4 Rb2 35. Kg1 b6 36. cxb6 axb6 37. Bh3+ f5 38. Bg2 Rb3 39. Kh2 Kd6 40.
Kh3 Rc3 41. h5 Rc4 42. Rxc4 dxc4 43. Bf1 c3 44. Bd3 g6 45. Kh4 Kd5 46. hxg6
hxg6 47. Kg5 Kd4 48. Bb1 Kc4 49. Kxg6 Kxb4 50. Kxf5 b5 51. g4 Kb3 52. g5 Kb2
53. Be4 b4 54. g6 b3 55. g7 c2 56. Bxc2 bxc2 57. g8=Q c1=Q 58. Qg2+ Kb1 59.
Qe4+ Kb2 60. Qb4+ Ka1 61. Ke5 c5 62. Qa4+ Kb2 1/2-1/2

[Event "New Zealand Major Open 2016"]
[Site "Devonport, Auckland NZL"]
[Date "2016.01.05"]
[Round "4.13"]
[White "Mukkattu, Philip"]
[Black "Qin, Nicole Shu Yu"]
[Result "1/2-1/2"]
[WhiteElo "1733"]
[BlackElo "1329"]
[PlyCount "113"]
[EventDate "2016.01.02"]

1. d4 e6 2. c4 d5 3. Nf3 c6 4. Nc3 Nf6 5. Qc2 Bd6 6. e3 Nbd7 7. cxd5 exd5 8.
Bd3 O-O 9. O-O Re8 10. a3 b6 11. b4 Bb7 12. Bb2 h6 13. Rac1 b5 14. Nh4 Ng4 15.
Nf3 Ngf6 16. h3 a5 17. Na2 axb4 18. Nxb4 Bxb4 19. axb4 Qe7 20. Bc3 Qd8 21. Nd2
Nb6 22. Nb3 Nc4 23. Na5 Qc7 24. Nxb7 Qxb7 25. Rfe1 Ne4 26. Ra1 g6 27. Rxa8 Qxa8
28. Ra1 Qb7 29. Be1 Ned6 30. g4 Kg7 31. Kg2 Rxe3 32. Qc1 Re8 33. g5 h5 34. Qf4
Re6 35. h4 Qe7 36. Bxc4 Nxc4 37. Bc3 Qb7 38. Re1 Rxe1 39. Qf6+ Kg8 40. Bxe1 Qd7
41. f3 Ne3+ 42. Kh2 Nf5 43. Bf2 Qd6+ 44. Qxd6 Nxd6 45. Kg3 Nc4 46. Kf4 Kg7 47.
Be1 f6 48. Bc3 fxg5+ 49. hxg5 Kf7 50. Be1 Ke6 51. Bc3 Na3 52. Be1 Nc2 53. Bc3
Na3 54. Be1 Nc4 55. Bc3 Nd6 56. Be1 Nf7 57. Bh4 1/2-1/2

[Event "New Zealand Major Open 2016"]
[Site "Devonport, Auckland NZL"]
[Date "2016.01.05"]
[Round "4.14"]
[White "George, Sandeep"]
[Black "Fu, Alex"]
[Result "1-0"]
[WhiteElo "1710"]
[BlackElo "1034"]
[PlyCount "101"]
[EventDate "2016.01.02"]

1. c4 e6 2. Nc3 Nf6 3. g3 c5 4. Bg2 Be7 5. e3 d5 6. cxd5 Nxd5 7. Nge2 Nc6 8. a3
b6 9. Nxd5 exd5 10. Nf4 Ba6 11. Qa4 Bb7 12. Nxd5 Rc8 13. Nxe7 Qxe7 14. O-O O-O
15. b4 Rc7 16. bxc5 bxc5 17. Rb1 Ba8 18. Bb2 Rd8 19. d4 cxd4 20. exd4 Nxd4 21.
Bxd4 Bxg2 22. Rfe1 Qd6 23. Re8+ Rxe8 24. Qxe8+ Qf8 25. Qxf8+ Kxf8 26. Kxg2 Rd7
27. Bc5+ Ke8 28. Rb8+ Rd8 29. Rxd8+ Kxd8 30. Bxa7 f5 31. Kf3 g5 32. h4 h6 33.
hxg5 hxg5 34. Be3 f4 35. gxf4 gxf4 36. Kxf4 Kd7 37. Ke5 Kc6 38. f4 Kd7 39. a4
Kc6 40. f5 Kd7 41. f6 Ke8 42. Ke6 Kf8 43. f7 Kg7 44. Ke7 Kg6 45. f8=R Kg7 46.
Rf1 Kg6 47. Ke6 Kg7 48. Bd4+ Kg8 49. Rf6 Kh7 50. Kf7 Kh8 51. Rh6# 1-0

[Event "New Zealand Major Open 2016"]
[Site "Devonport, Auckland NZL"]
[Date "2016.01.05"]
[Round "4.15"]
[White "Sharma, Akshay"]
[Black "Jacobs, Hilton J"]
[Result "0-1"]
[WhiteElo "1361"]
[BlackElo "1704"]
[PlyCount "74"]
[EventDate "2016.01.02"]

1. e4 c5 2. c3 e6 3. d4 cxd4 4. cxd4 Bb4+ 5. Nc3 Nf6 6. Bd3 Nc6 7. Nf3 h6 8.
O-O a6 9. a3 Be7 10. Bc2 d5 11. e5 Nd7 12. Be3 b5 13. Ne2 Qb6 14. b3 a5 15. h3
b4 16. a4 Ba6 17. Re1 O-O-O 18. Bd3 Kb7 19. Rc1 g5 20. Qd2 Rdg8 21. Nh2 Rg7 22.
f4 Bxd3 23. Qxd3 f5 24. Rc2 Rhg8 25. Rec1 Ndb8 26. Kf1 h5 27. fxg5 Bxg5 28.
Bxg5 Rxg5 29. Nf4 Nxd4 30. Rc5 Qa6 31. Rb5+ Nxb5 32. axb5 Qb6 33. Nf3 Rg3 34.
Nxh5 Rxg2 35. Ke1 Qf2+ 36. Kd1 Rg1+ 37. Ne1 Rxe1# 0-1

[Event "New Zealand Major Open 2016"]
[Site "Devonport, Auckland NZL"]
[Date "2016.01.05"]
[Round "4.16"]
[White "Tan, Teck Woon"]
[Black "Hooton, Barry R"]
[Result "1-0"]
[WhiteElo "1505"]
[BlackElo "1593"]
[PlyCount "81"]
[EventDate "2016.01.02"]

1. d4 d5 2. Nf3 Nf6 3. Bf4 g6 4. e3 Bg7 5. Bd3 Nbd7 6. Nbd2 c5 7. c3 b6 8. O-O
O-O 9. Ne5 Nxe5 10. Bxe5 Nd7 11. Bxg7 Kxg7 12. f4 e6 13. Rf3 Nf6 14. Qe1 Nh5
15. g4 Nf6 16. Qh4 e5 17. g5 e4 18. gxf6+ Qxf6 19. Qxf6+ Kxf6 20. Nxe4+ dxe4
21. Bxe4 Rb8 22. d5 h5 23. Bd3 b5 24. b4 cxb4 25. cxb4 Bb7 26. e4 a6 27. Rc1
Rbc8 28. Rff1 Ke7 29. Rc5 Rfd8 30. Rfc1 Ke8 31. Rxc8 Rxc8 32. Rxc8+ Bxc8 33.
Kf2 Ke7 34. Ke3 Kd6 35. Kd4 Bd7 36. e5+ Kc7 37. Kc5 Bg4 38. d6+ Kb7 39. Be4+
Ka7 40. Kc6 Be6 41. d7 1-0

[Event "New Zealand Major Open 2016"]
[Site "Devonport, Auckland NZL"]
[Date "2016.01.05"]
[Round "4.17"]
[White "Blackmore, Matthew"]
[Black "Song, Kate"]
[Result "1-0"]
[WhiteElo "1279"]
[BlackElo "1587"]
[PlyCount "80"]
[EventDate "2016.01.02"]

1. e4 e6 2. d4 d5 3. e5 c5 4. Nf3 Nc6 5. Bb5 Qb6 6. Nc3 Bd7 7. Bxc6 Bxc6 8. O-O
Ne7 9. dxc5 Qxc5 10. Be3 Qa5 11. Bd4 Nf5 12. a3 Nxd4 13. Nxd4 Qc7 14. Re1 Be7
15. Qd3 O-O 16. Re3 Bc5 17. b4 Bxd4 18. Qxd4 a6 19. Ne2 Rac8 20. a4 Qd7 21. a5
Bb5 22. Qd2 Rc6 23. Nd4 Rc4 24. c3 Rfc8 25. h3 h6 26. Rae1 Qc7 27. Rc1 Rxb4 28.
Nxb5 Rxb5 29. Rg3 Qxe5 30. Qxh6 Rbc5 31. Qh4 Rxc3 32. Rcxc3 Rxc3 33. Rxc3 Qxc3
34. Qd8+ Kh7 35. Qh4+ Kg6 36. Qg4+ Kf6 37. Qh4+ g5 38. Qh8+ Kf5 39. Qxc3 e5 40.
Qc8+ Kf4 1-0

[Event "New Zealand Major Open 2016"]
[Site "Devonport, Auckland NZL"]
[Date "2016.01.05"]
[Round "4.18"]
[White "Vincent, David A"]
[Black "Picken, Oliver"]
[Result "0-1"]
[WhiteElo "1273"]
[BlackElo "1480"]
[PlyCount "130"]
[EventDate "2016.01.02"]

1. c4 g6 2. Nc3 Bg7 3. g3 d6 4. Bg2 Nf6 5. e4 c5 6. Nge2 Nc6 7. d3 Bd7 8. O-O
Qc8 9. Bg5 Bh3 10. Bxf6 Bxf6 11. Bxh3 Qxh3 12. Nd5 O-O-O 13. Rb1 Ne5 14. Nef4
Qh6 15. Ne3 Bg5 16. Ng4 Nxg4 17. Qxg4+ Kb8 18. Ng2 Bf6 19. b4 Qd2 20. Rfd1 Qxa2
21. Qf3 cxb4 22. Rxb4 Bc3 23. Rbb1 Rhf8 24. e5 d5 25. Ne3 e6 26. cxd5 exd5 27.
Qf4 Ka8 28. Qf3 b6 29. Nc4 Kb8 30. Ne3 Bxe5 31. Ng4 Bc7 32. Ra1 Qb2 33. Rdc1
Qd4 34. Ra3 f5 35. Ne3 f4 36. Nc2 Qc5 37. Qe2 fxg3 38. d4 Rxf2 39. Qa6 Qxc2 40.
Qxa7+ Kc8 41. Qa8+ Kd7 42. Qxd5+ Ke7 43. Re1+ Kf8 44. Rf3+ Rxf3 45. Qxf3+ Qf5
46. Qa3+ Bd6 47. Qe3 Qf2+ 48. Qxf2+ gxf2+ 49. Kxf2 Bxh2 50. Rf1 Rxd4 51. Kg2+
Rf4 52. Rb1 Rh4 53. Rxb6 Kg7 54. Kf3 Kh6 55. Rb5 Bd6 56. Rd5 Be7 57. Kg3 Re4
58. Kf3 Ra4 59. Re5 Bg5 60. Re2 Ra3+ 61. Kg4 Ra4+ 62. Kf3 Bh4 63. Rh2 g5 64.
Re2 Rf4+ 65. Kg2 Rf2+ 0-1

[Event "New Zealand Major Open 2016"]
[Site "Devonport, Auckland NZL"]
[Date "2016.01.05"]
[Round "4.19"]
[White "Mallela, Raivath"]
[Black "Qin, Oscar Shu Xuan"]
[Result "1-0"]
[WhiteElo "1265"]
[BlackElo "1435"]
[PlyCount "83"]
[EventDate "2016.01.02"]

1. d4 d5 2. c4 e6 3. Nc3 Nf6 4. cxd5 exd5 5. Bg5 c6 6. e3 Nbd7 7. Bd3 Be7 8.
Nge2 h6 9. Bh4 Nh5 10. Bxe7 Qxe7 11. O-O O-O 12. Qc2 Re8 13. Rfe1 Ndf6 14. Rac1
Ne4 15. Nxe4 dxe4 16. Bc4 Nf6 17. Nf4 b5 18. Bb3 Bd7 19. Ng6 Qd6 20. Ne5 Nd5
21. Nxd7 Nb4 22. Qc5 Qxc5 23. Nxc5 a5 24. a3 a4 25. axb4 axb3 26. Nxb3 Ra2 27.
Re2 Re6 28. h3 Ra4 29. Nc5 Rxb4 30. Nxe6 fxe6 31. Rxc6 Kf7 32. Rec2 Kf6 33. d5
Rc4 34. R2xc4 bxc4 35. Rxe6+ Kf7 36. Rxe4 Kf6 37. d6 Kf5 38. Rd4 Ke5 39. d7 Ke6
40. d8=Q Ke5 41. Qd5+ Kf6 42. Rf4+ 1-0

[Event "New Zealand Major Open 2016"]
[Site "Devonport, Auckland NZL"]
[Date "2016.01.05"]
[Round "4.20"]
[White "Yan, Sarah"]
[Black "Braganza, Nadia"]
[Result "1/2-1/2"]
[WhiteElo "1362"]
[BlackElo "1129"]
[PlyCount "148"]
[EventDate "2016.01.02"]

1. d4 Nf6 2. c4 g6 3. Nc3 Bg7 4. Bf4 d6 5. e3 O-O 6. Nf3 c5 7. Be2 Nc6 8. O-O
cxd4 9. exd4 a5 10. a3 Re8 11. Qd2 Nxd4 12. Qxd4 e5 13. Nxe5 dxe5 14. Qxd8 Rxd8
15. Bxe5 Bf5 16. Rad1 Ne4 17. Bxg7 Kxg7 18. Nxe4 Bxe4 19. Rfe1 Bc2 20. Rd5 Be4
21. Rxd8 Rxd8 22. Rd1 Rxd1+ 23. Bxd1 Kf6 24. f3 Bd3 25. b3 Ke5 26. Kf2 Kd4 27.
g4 Kc3 28. Ke3 Bc2 29. Bxc2 Kxc2 30. b4 axb4 31. axb4 Kc3 32. c5 Kxb4 33. Kd4
f6 34. Kd5 Kb5 35. f4 h6 36. h3 f5 37. gxf5 gxf5 38. Kd4 Kb4 39. h4 h5 40. Ke5
Kxc5 41. Kxf5 b5 42. Kg5 b4 43. f5 b3 44. f6 b2 45. f7 b1=Q 46. f8=Q+ Kc6 47.
Qf6+ Kc7 48. Qf7+ Kd6 49. Kxh5 Qd1+ 50. Kh6 Qd2+ 51. Kh7 Qh2 52. h5 Kc5 53. h6
Qe5 54. Kg8 Qg5+ 55. Qg7 Qd5+ 56. Qf7 Qg5+ 57. Kh7 Qe5 58. Qf8+ Kc6 59. Qg7 Qb8
60. Qg2+ Kc5 61. Qc2+ Kd5 62. Qf5+ Kc4 63. Qf7+ Kd4 64. Qg8 Qb1+ 65. Kh8 Qf5
66. h7 Ke3 67. Qg1+ Kd2 68. Qd4+ Ke2 69. Kg8 Qg6+ 70. Qg7 Qe8+ 71. Qf8 Qg6+ 72.
Kh8 Qg5 73. Qe8+ Kd3 74. Qd7+ Ke4 1/2-1/2

[Event "New Zealand Major Open 2016"]
[Site "Devonport, Auckland NZL"]
[Date "2016.01.05"]
[Round "4.22"]
[White "Zhang, Jennifer"]
[Black "Barry, Jacob"]
[Result "1/2-1/2"]
[WhiteElo "1356"]
[BlackElo "911"]
[PlyCount "72"]
[EventDate "2016.01.02"]

1. e4 e5 2. Bc4 Nf6 3. d3 b6 4. Nf3 d5 5. exd5 Bg4 6. Bg5 Be7 7. a3 Bxf3 8.
Qxf3 Nbd7 9. Nc3 O-O 10. O-O-O Rc8 11. Qg3 Nh5 12. Bxe7 Nxg3 13. Bxd8 Nxh1 14.
Bh4 Nxf2 15. Bxf2 Kh8 16. Ba6 Rce8 17. Bb5 Re7 18. Bh4 f6 19. Ne4 Rd8 20. g4
Rf8 21. d4 exd4 22. Rxd4 Rfe8 23. Nc3 g5 24. Bg3 c5 25. Rd3 Rd8 26. d6 Re6 27.
Bc4 Ree8 28. Bb5 Re6 29. Nd5 Ne5 30. Re3 Rdxd6 31. Nxf6 Nf7 32. Bxd6 Rxe3 33.
Nd5 Nxd6 34. Nxe3 Nxb5 35. Kd2 Kg7 36. Kd3 Kf6 1/2-1/2

[Event "New Zealand Major Open 2016"]
[Site "Devonport, Auckland NZL"]
[Date "2016.01.05"]
[Round "4.23"]
[White "Goh, Julien"]
[Black "Li, Leo Xiang Yu"]
[Result "0-1"]
[WhiteElo "1170"]
[BlackElo "1222"]
[PlyCount "118"]
[EventDate "2016.01.02"]

1. e4 e5 2. Nf3 Nc6 3. Bc4 Bc5 4. c3 Nf6 5. d4 exd4 6. cxd4 Bb4+ 7. Nc3 d5 8.
exd5 Nxd5 9. Bxd5 Qxd5 10. O-O Qd8 11. a3 Bd6 12. Re1+ Ne7 13. Be3 O-O 14. Qc2
Nf5 15. Ng5 h6 16. Nge4 Nxe3 17. Rxe3 Bf5 18. Qb3 b6 19. Nxd6 Qxd6 20. Qd5 Be6
21. Qxd6 cxd6 22. d5 Bf5 23. Nb5 Rfd8 24. Nc7 Rac8 25. Nb5 a6 26. Nd4 Bd7 27.
b4 Rc4 28. Nf3 Rdc8 29. h4 Rc1+ 30. Rxc1 Rxc1+ 31. Re1 Rc4 32. Re7 Bg4 33. Rb7
b5 34. Rb6 Bxf3 35. gxf3 Rxh4 36. Rxd6 Kf8 37. Rxa6 Rd4 38. d6 Ke8 39. Kf1 Kd7
40. Ra7+ Ke6 41. Ra5 Rd5 42. Ra6 Rxd6 43. Rxd6+ Kxd6 44. Ke2 Kd5 45. Kd3 f5 46.
Ke3 g5 47. f4 g4 48. Kd3 h5 49. f3 g3 50. Ke2 Kd4 51. Kf1 Ke3 52. Kg2 h4 53. a4
bxa4 54. b5 a3 55. b6 a2 56. b7 a1=Q 57. b8=Q Qa2+ 58. Qb2 Qxb2+ 59. Kh3 Qh2#
0-1

[Event "New Zealand Major Open 2016"]
[Site "Devonport, Auckland NZL"]
[Date "2016.01.05"]
[Round "4.24"]
[White "Zhang, Toby"]
[Black "Oka, Itsuki"]
[Result "1-0"]
[WhiteElo "937"]
[BlackElo "362"]
[PlyCount "133"]
[EventDate "2016.01.02"]

1. Nf3 e6 2. g3 d5 3. Bg2 Nf6 4. O-O Bc5 5. d3 Nc6 6. Nbd2 O-O 7. Re1 Re8 8.
Nf1 d4 9. e4 e5 10. h4 Bg4 11. N1h2 h6 12. Nxg4 Nxg4 13. Nh2 Nxh2 14. Kxh2 Bb4
15. Rf1 a6 16. Qg4 Be7 17. Bxh6 Bf6 18. f4 Kh7 19. fxe5 Nxe5 20. Qf5+ Kxh6 21.
Rf4 g5 22. Qxf6+ Qxf6 23. Rxf6+ Kh5 24. hxg5 Ng4+ 25. Kh3 Nxf6 26. gxf6 Re6 27.
Rf1 Kg6 28. e5 Rh8+ 29. Kg4 Rxe5 30. Be4+ Rxe4+ 31. dxe4 Rd8 32. Rf3 c5 33. Rf5
Re8 34. Kf4 Re6 35. e5 c4 36. Ke4 d3 37. cxd3 cxd3 38. Rf3 Rb6 39. b3 d2 40.
Rd3 Rb4+ 41. Kd5 Rb5+ 42. Kd6 Rb6+ 43. Kc7 Re6 44. Rxd2 Rxe5 45. Kxb7 Re6 46.
Kc7 Rxf6 47. Rd6 Rxd6 48. Kxd6 f5 49. Ke5 Kg5 50. a4 Kg4 51. b4 Kxg3 52. Kxf5
Kf3 53. b5 axb5 54. axb5 Ke3 55. b6 Kf3 56. b7 Ke3 57. b8=Q Kd3 58. Qe5 Kc4 59.
Qd6 Kc3 60. Qd5 Kc2 61. Qd4 Kb3 62. Ke4 Kc2 63. Qe3 Kd1 64. Qf2 Kc1 65. Kd3 Kb1
66. Kc3 Ka1 67. Qb2# 1-0